| 000 | 00333nam a22001337a 4500 | ||
|---|---|---|---|
| 003 | OSt | ||
| 005 | 20160727222454.0 | ||
| 008 | 160705b xxu||||| |||| 00| 0 eng d | ||
| 100 |
_92125 _a Loh, P.Y |
||
| 245 | _aThe Chinese Connection | ||
| 260 |
_aN.J _b Fleming H. Revell _c1978 |
||
| 300 | _aThe Chinese Connection | ||
| 942 |
_2ddc _cBK |
||
| 999 |
_c1819 _d1819 |
||